Wonder of power builder 3.0 : (Record no. 183101)

MARC details
000 -LEADER
fixed length control field 00697nam a2200229Ia 4500
003 - CONTROL NUMBER IDENTIFIER
control field OSt
005 - DATE AND TIME OF LATEST TRANSACTION
control field 20251010085910.0
008 - FIXED-LENGTH DATA ELEMENTS--GENERAL INFORMATION
fixed length control field 210716s1994 xx 000 0 und d
020 ## - INTERNATIONAL STANDARD BOOK NUMBER
International Standard Book Number 8170941660
040 ## - CATALOGING SOURCE
Transcribing agency AIMIT LIBRARY
041 ## - LANGUAGE CODE
Language code of text/sound track or separate title eng
082 ## - DEWEY DECIMAL CLASSIFICATION NUMBER
Classification number 005.7561
Item number ARUP
100 ## - MAIN ENTRY--PERSONAL NAME
Personal name Aruna, Panangipally.
9 (RLIN) 143058
245 ## - TITLE STATEMENT
Title Wonder of power builder 3.0 :
Remainder of title the basics /
Statement of responsibility, etc. By Panangipally Aruna and Suvarnalaxmi Pandit.
250 ## - EDITION STATEMENT
Edition statement 1st ed.
260 ## - PUBLICATION, DISTRIBUTION, ETC.
Place of publication, distribution, etc. New Delhi :
Name of publisher, distributor, etc. Vision Books ,
Date of publication, distribution, etc. 1994.
300 ## - PHYSICAL DESCRIPTION
Extent xvi,255 p.;
Other physical details PB
Dimensions 23 cm.
650 ## - SUBJECT ADDED ENTRY--TOPICAL TERM
Topical term or geographic name entry element Down the rabbit hole
9 (RLIN) 143059
650 ## - SUBJECT ADDED ENTRY--TOPICAL TERM
Topical term or geographic name entry element Drag and drop
9 (RLIN) 241953
650 ## - SUBJECT ADDED ENTRY--TOPICAL TERM
Topical term or geographic name entry element More on datawindow
9 (RLIN) 241954
942 ## - ADDED ENTRY ELEMENTS (KOHA)
Source of classification or shelving scheme Dewey Decimal Classification
Koha item type Book
Call number prefix 005.7561 ARUP
Holdings
Withdrawn status Lost status Source of classification or shelving scheme Damaged status Not for loan Collection code Home library Current library Date acquired Cost, normal purchase price Total Checkouts Full call number Barcode Date last seen Cost, replacement price Price effective from Koha item type
    Dewey Decimal Classification     MCA St Aloysius Institute of Management & Information Technology St Aloysius Institute of Management & Information Technology 07/16/2021 145.00   005.7561 ARUP MCA02609 05/23/2026 145.00 07/16/2021 Book